[Event "SRI-chB"]
[Site "Narahenpita"]
[Date "2017.05.12"]
[Round "1"]
[White "Kumara, CMS Praneeth"]
[Black "Alwala, AD Hansaja Ramith"]
[Result "1-0"]
[WhiteElo "1796"]
[BlackElo "1427"]
[PlyCount "43"]
[EventDate "2017.05.12"]
[EventType "swiss"]
[EventRounds "10"]
[EventCountry "SRI"]
[SourceTitle "CBM 178 Extra"]
[Source "ChessBase"]
[SourceDate "2017.06.22"]
[SourceVersion "1"]
[SourceVersionDate "2017.06.22"]
[SourceQuality "1"]

1. e4 c5 2. Nc3 Nc6 3. f4 e6 4. Nf3 d5 5. Bb5 a6 6. Bxc6+ bxc6 7. Qe2 Bb7 8. d3 g6 9. 0-0 Bg7 10. f5 exf5 11. exf5+ Ne7 12. Ne5 f6 13. fxg6 fxe5 14. Rf7 Nxg6 15. Rxg7 Bc8 16. Bh6 Be6 17. Qh5 Qb6 18. Rxh7 0-0-0 19. Rxh8 Nxh8 20. Qxe5 Bd7 21. Na4 Qb4 22. Bf4 1-0

[Event "Ambalangoda Dhamso op 5th"]
[Site "Ambalangoda"]
[Date "2015.05.30"]
[Round "3"]
[White "De Silva, Osheen"]
[Black "Alwala, AD Hansaja Ramith"]
[Result "1-0"]
[WhiteElo "1888"]
[BlackElo "1412"]
[PlyCount "67"]
[EventDate "2015.05.29"]
[EventType "swiss"]
[EventRounds "9"]
[EventCountry "SRI"]
[SourceTitle "EXT 2016"]
[Source "ChessBase"]
[SourceDate "2015.10.08"]
[SourceVersion "1"]
[SourceVersionDate "2015.10.08"]
[SourceQuality "1"]

1. e4 c5 2. Nf3 Nc6 3. Bb5 g6 4. 0-0 Bg7 5. Re1 a6 6. Bf1 e6 7. c3 Nge7 8. Na3 d5 9. e5 0-0 10. d4 c4 11. Bg5 h6 12. Bh4 g5 13. Bg3 Ng6 14. Nd2 b5 15. Qh5 Bd7 16. Be2 Be8 17. Qh3 Bd7 18. Bh5 Nh8 19. f4 gxf4 20. Bxf4 Ne7 21. Bg4 Kh7 22. Re3 Nhg6 23. Rf1 Nxf4 24. Rxf4 Ng6 25. Rf1 a5 26. Bd1 b4 27. Nab1 Qb6 28. g4 Rh8 29. Rxf7 Be8 30. Rf1 Bd7 31. Bc2 a4 32. Nf3 b3 33. Bxg6+ Kxg6 34. Qh5+ 1-0